| 000 | 00517cas a22001815a 4500 | ||
|---|---|---|---|
| 001 | L120541 | ||
| 008 | 021121n2002 xxkux p a eng u | ||
| 035 | _a(Sirsi) u120541 | ||
| 041 | _aeng | ||
| 110 |
_aRoyal Institution of Chartered Surveyors _bValuation Faculty _94354 |
||
| 245 | _aValuation Faculty Update | ||
| 260 |
_aLondon _bRICS _c[200?]- |
||
| 362 | 0 | _aAugust 2002-January 2003 | |
| 554 | _aUnknown | ||
| 651 | 4 |
_aUnited Kingdom _y |
|
| 690 | _aPROPERTY-PROPERTY APPRAISAL AND VALUATION | ||
| 942 | _n0 | ||
| 999 |
_c118763 _d118763 |
||